| 000 | 00413nam a22001577a 4500 | ||
|---|---|---|---|
| 003 | LK-CoMWRAF | ||
| 005 | 20230925232724.0 | ||
| 008 | 230925b |||||||| |||| 00| 0 eng d | ||
| 040 |
_aLK-CoMWRAF _dLK-CoMWRAF _eLK-CoMWRAF |
||
| 041 | _aeng | ||
| 082 |
_a261.5 _bISL |
||
| 245 |
_aIslam and Christianity : _bAs seen in the Bible |
||
| 490 | _aDiscover Islam series 2 | ||
| 650 | _aIslam-Christianity | ||
| 942 | _cBK | ||
| 999 |
_c3677 _d3677 |
||